000 00432nam a2200109Ia 4500
008 160909s9999 xx 000 0 und d
100 _aJackson, Kimberly N.
245 _aPeer Led and Individualized Professional Development for Teachers in a 1:1 Implementation
260 _bSouthern Illinois University at Edwardsville
_c2016
650 _aInformation Technology
856 _uhttp://pqdtopen.proquest.com/doc/1809762907.html?FMT=ABS
999 _c303769
_d303769